| 000 | 00341nam a2200133Ia 4500 | ||
|---|---|---|---|
| 008 | 190216s9999||||xx |||||||||||||| ||und|| | ||
| 100 | _aJohn Merle Coulter And Charles Joseph Chamberlain | ||
| 245 | 0 | _aMorphology Of Angiosperms | |
| 250 | _a1st Ed. | ||
| 260 |
_bCentral Book Depot _c1976 |
||
| 300 | _a348 | ||
| 650 | _aBotany | ||
| 942 | _cBK | ||
| 999 |
_c1130 _d1130 |
||